Aprovechar el territorio marino- costero en forma eficiente y sostenible : (Registro nro. 12443)

Detalles MARC
000 -LEADER
fixed length control field 01254nam a2200265Ia 4500
003 - CONTROL NUMBER IDENTIFIER
control field OSt
005 - DATE AND TIME OF LATEST TRANSACTION
control field 20210915165530.0
008 - FIXED-LENGTH DATA ELEMENTS--GENERAL INFORMATION
fixed length control field 210310s2007 ck ad gr 000 0 spa d
020 ## - INTERNATIONAL STANDARD BOOK NUMBER
International Standard Book Number 9588025803
040 ## - CATALOGING SOURCE
Original cataloging agency CO-JMCR
Transcribing agency CO-JMCR
041 0# - LANGUAGE CODE
Language code of text/sound track or separate title spa
082 04 - DEWEY DECIMAL CLASSIFICATION NUMBER
Classification number 338.9861 /
Item number D419a
Edition number 23
110 2# - MAIN ENTRY--CORPORATE NAME
Corporate name or jurisdiction name as entry element Colombia.
Subordinate unit Departamento Nacional de Planeación
9 (RLIN) 40504
245 10 - TITLE STATEMENT
Title Aprovechar el territorio marino- costero en forma eficiente y sostenible :
Remainder of title propuesta para discusión /
Statement of responsibility, etc. Departamento Nacional de Planeación, Dirección de Desarrollo Territorial Sostenible
260 ## - PUBLICATION, DISTRIBUTION, ETC.
Place of publication, distribution, etc. Bogotá :
Name of publisher, distributor, etc. Departamento Nacional de Planeación,
Date of publication, distribution, etc. 2007.
300 ## - PHYSICAL DESCRIPTION
Extent 101 páginas :
Other physical details ilustraciones y gráficas en blanco y negro ;
Dimensions 28 cm.
490 0# - SERIES STATEMENT
Series statement Visión Colombia II Centenario 2019.
500 ## - GENERAL NOTE
General note Incluye índice.
505 0# - FORMATTED CONTENTS NOTE
Formatted contents note De dónde venimos y dónde vamos. -- Características socioeconómicas de los territorios. -- Principales actividades económicas de las zonas costeras. -- Metas y acciones.
650 14 - SUBJECT ADDED ENTRY--TOPICAL TERM
Topical term or geographic name entry element Territorios costeros
Form subdivision economía
9 (RLIN) 40505
650 24 - SUBJECT ADDED ENTRY--TOPICAL TERM
Topical term or geographic name entry element Actividades económicas
Form subdivision Agropecuarias
9 (RLIN) 40506
650 24 - SUBJECT ADDED ENTRY--TOPICAL TERM
Topical term or geographic name entry element Zonas costeras
9 (RLIN) 40507
710 1# - ADDED ENTRY--CORPORATE NAME
Corporate name or jurisdiction name as entry element Dirección de Desarrollo Territorial Sostenible
Relator term autor
9 (RLIN) 40508
942 ## - ADDED ENTRY ELEMENTS (KOHA)
Source of classification or shelving scheme Dewey Decimal Classification
Koha item type Books
Existencias
Withdrawn status Lost status Source of classification or shelving scheme Damaged status Not for loan Home library Current library Shelving location Date acquired Source of acquisition Full call number Barcode Date last seen Copy number Price effective from Koha item type
    Dewey Decimal Classification     Biblioteca Pública José María del Castillo y Rada Biblioteca Pública José María del Castillo y Rada General Stacks 04/15/2018 Donación 338.9861 / D419a 430005382 05/16/2024 Ej.1 03/10/2021 Books